[Event "Petroupoli-ch"]
[Site "Petropouli"]
[Date "2014.01.25"]
[Round "1"]
[White "Mihalopoulos, Nikolaos"]
[Black "Kiousis, Stamatios"]
[Result "1-0"]
[WhiteElo "1398"]
[BlackElo "1005"]
[PlyCount "57"]
[EventDate "2014.01.25"]
[EventType "swiss"]
[EventRounds "7"]
[EventCountry "GRE"]
[SourceTitle "EXT 2015"]
[Source "ChessBase"]
[SourceDate "2014.11.20"]
[SourceVersion "1"]
[SourceVersionDate "2014.11.20"]
[SourceQuality "1"]

1. e4 e5 2. Nf3 Nc6 3. Bb5 d6 4. h3 Bd7 5. Nc3 a6 6. Ba4 Nf6 7. d4 h6 8. dxe5 Nxe5 9. Nxe5 Bxa4 10. Nxf7 Kxf7 11. Nxa4 Qd7 12. Nc3 Nxe4 13. Qd5+ Qe6 14. Qxe6+ Kxe6 15. Nxe4 d5 16. Nc3 Bb4 17. 0-0 Kf7 18. Nxd5 Ba5 19. Bf4 c6 20. Nc3 Rhe8 21. Rad1 Kg8 22. a3 Bb6 23. Rd7 Ba5 24. b4 Bd8 25. Rxb7 Bf6 26. Bd2 Rad8 27. Nb1 Re2 28. Bc3 Bxc3 29. Nxc3 1-0